=LDR 00000nam 2200000 4500 =001 INLIS000000000037078 =005 20130612142828 =008 ***********************************Ind** =035 ##$$0010-061300000037078 =041 ##$$a Ind =082 ##$$a 745.4 =090 ##$$a 745.4, Yun h =100 ##$$a Yunasz, Itang =245 ##$$a Heaven sent, deligthful-wellnes-classic motlem wear, Itang Yunass ; editor, Nana Lyshani =260 ##$$a 2011 $b Jakarta =300 ##$$a 73 hlm, ilus, 26 cm =650 ##$$a Pakaian-desain dan pola =850 ##$$a NBPNMAT